00453nam a2200169Ia 4500003000400000005001700004008004100021020001500062040000700077041000800084082002100092100002700113245008100140260003700221300001200258365001300270OSt20230327113017.0210423s2006 xx 000 0 und d a8180611426 cAL aeng a614.1223b MESS aMESTRI (Shashidhar C). aManual of forensic medicine: for doctors police officers lawyers and nurses. aNew DelhibJaypee Brothersc2006 a158bPB b125cINR